Средства механизации судоремонтных работ. Вып. 4 (Запись № 8496722)

Подробности
000 -МАРКЕР
контрольное поле 01515nam2a22002651 4500
001 - ИДЕНТИФИКАТОР ЗАПИСИ
контрольное поле rc\4792115
005 - ИДЕНТИФИКАТОР ВЕРСИИ
контрольное поле 20250612215416.0
021 ## - НОМЕР ГОСУДАРСТВЕННОЙ РЕГИСТРАЦИИ
Код страны Российская Федерация
Номер [63-83161]
035 ## - ДРУГИЕ СИСТЕМНЫЕ НОМЕРА
Идентификатор записи (NLR Aleph) 008866912
100 ## - ДАННЫЕ ОБЩЕЙ ОБРАБОТКИ
Данные общей обработки 20130426d1963 |||y0rusy50 ca
101 0# - ЯЗЫК РЕСУРСА
Язык текста, звукозаписи и т.д. русский
102 ## - СТРАНА ПУБЛИКАЦИИ ИЛИ ПРОИЗВОДСТВА
Страна публикации Российская Федерация
105 ## - ПОЛЕ КОДИРОВАННЫХ ДАННЫХ: ТЕКСТОВЫЕ МАТЕРИАЛЫ, МОНОГРАФИЧЕСКИЕ
Кодированные данные о монографическом текстовом документе a z |||||
200 0# - ЗАГЛАВИЕ И СВЕДЕНИЯ ОБ ОТВЕТСТВЕННОСТИ
Основное заглавие Вып. 4
Первые сведения об ответственности [Сост. инженеры Л.А. Никушкин и А.А. Галькевич]
Последующие сведения об ответственности М-во мор. флота СССР. Отд. отраслевой науч. и техн.-экон. информации Союзморниипроекта
210 ## - ПУБЛИКАЦИЯ, РАСПРОСТРАНЕНИЕ И ДР.
Дата издания, распространения и т.д. 1963
Место издания, распространения и т.д. Б. м.
215 ## - ФИЗИЧЕСКАЯ ХАРАКТЕРИСТИКА
Специфическое обозначение материала и объем 106 с.
Другие сведения о физической характеристике ил.
Размеры 20х30
461 #0 - УРОВЕНЬ НАБОРА
Встроенное поле 001rc\4792112
-- 2001#$aСредства механизации судоремонтных работ$eКаталог-справочник$eВып. 2-$fСССР. М-во мор. флота. Техн. упр. Центр. проектно-конструкторское бюро № 2 (ЦПКБ-2)$vВып. 4
Системный номер (АБИС) связанной записи 8496707
Место публикации Москва
Дата публикации 1960
Первые сведения об ответственности СССР. М-во мор. флота. Техн. упр. Центр. проектно-конструкторское бюро № 2 (ЦПКБ-2)
Имя издателя, распространителя и т.д. Б. и.
Сведения, относящиеся к заглавию Каталог-справочник : Вып. 2-
Заглавие Средства механизации судоремонтных работ
Номер тома Вып. 4
702 #1 - ИМЯ ЛИЦА - ВТОРИЧНАЯ ОТВЕТСТВЕННОСТЬ
Начальный элемент ввода Галькевич
Часть имени, кроме начального элемента ввода А.А.
Код отношения Составитель
702 #1 - ИМЯ ЛИЦА - ВТОРИЧНАЯ ОТВЕТСТВЕННОСТЬ
Начальный элемент ввода Никушкин
Часть имени, кроме начального элемента ввода Л.А.
Код отношения Составитель
801 #0 - ИСТОЧНИК ЗАПИСИ
Страна Российская Федерация
Организация NLR
Правила каталогизации psbo
801 #1 - ИСТОЧНИК ЗАПИСИ
Страна Российская Федерация
Организация ELAR
Источник данных rusmarc
852 ## - МЕСТОНАХОЖДЕНИЕ И ШИФР ХРАНЕНИЯ
Идентификатор организации NLR
Шифр хранения (Call Number) Пт 90.1/86
942 ## - ДОПОЛНИТЕЛЬНЫЕ ЭЛЕМЕНТЫ ЗАПИСИ (АБИС)
Тип экземпляра АБИС Книга
980 ## - КОЛЛЕКЦИЯ
Название коллекции Национальная библиография
Экземпляры
Тип экземпляра Дата поступления Библиотека постоянного хранения Библиотека текущего хранения Место хранения Шифр хранения Штрих-код Статус экземпляра
Книга 26.10.2013 РНБ (Московский) РНБ (Московский) Фонд нормативно-технических и технических документов Пт 90.1/86 8866912-10